000 nam a22 7a 4500
999 _c7556
_d7556
008 170921b xxu||||| |||| 00| 0 eng d
100 _94074
_aCBSE
245 _aTogether Towards-IX-Part-II
260 _aNew Delhi
_bCBSE
_c2008